000 00382nam a2200169Ia 4500
100 _aSinghal/S.C
650 _aThermodynamics
942 _cBK
366 _f20
654 _athermodynamics
245 _aProblems and solutions in engineering Thermodynamics
260 _bCBS
_c2004
082 _a621.4021
_bSIN
300 _a600
546 _aENGLISH
_cInfo.Tech
999 _c31183
_d31183